| 000 | 02173cam a22006374i 4500 | ||
|---|---|---|---|
| 003 | PE-LiUPU | ||
| 005 | 20250731170409.0 | ||
| 008 | 140123s2014 mx a rb 001 0 spa d | ||
| 020 | _a6073223218 | ||
| 020 | _a9786073223218 | ||
| 035 | _a(Sirsi) i9786073223218 | ||
| 040 |
_aPE-LiUPU _bspa _cPE-LiUPU _erda |
||
| 049 | _aPRUA | ||
| 050 | 4 |
_aBJ1143 _b.T3 2014 |
|
| 082 |
_a170 _bT1 |
||
| 245 | 0 | 0 |
_aTaller de ética para cursos con enfoque por competencias / _cAngélica Enríquez Olvera [y otros más]. |
| 250 | _aPrimera edición. | ||
| 264 | 1 |
_aMéxico : _bPearson, _c2014. |
|
| 300 |
_aix, 134 páginas : _bilustraciones ; _c27 centímetros |
||
| 336 |
_atext _2rdacontent |
||
| 337 |
_aunmediated _2rdamedia |
||
| 338 |
_avolume _2rdacarrier |
||
| 504 | _aBibliografía : páginas 129-131. | ||
| 504 | _aÍndice analítico : páginas 133-134. | ||
| 505 | 0 | _aEl sentido de aprender sobre ética -- La ética en la ciencia y la tecnología -- La ética en las instituciones y las organizaciones -- Etica en el ejercicio de la profesión -- Referencias bilbiográficas -- Indice analítico. | |
| 526 | _aSEG68 | ||
| 526 | _aSEG70 | ||
| 526 | _aSEG69 | ||
| 526 | _aSEG67 | ||
| 526 | _aSEG43 | ||
| 526 | _aP144 | ||
| 526 | _aP143 | ||
| 526 | _aP131 | ||
| 526 | _aP122 | ||
| 526 | _aP120 | ||
| 526 | _aP117 | ||
| 526 | _aP112 | ||
| 526 | _aP110 | ||
| 526 | _aP106 | ||
| 526 | _aP101 | ||
| 526 | _aP80 | ||
| 526 | _aP59 | ||
| 526 | _aP54 | ||
| 526 | _aP35 | ||
| 526 | _aP33 | ||
| 526 | _aP30 | ||
| 541 | _g043-0014556; | ||
| 650 | 4 |
_aÉtica _xEnseñanza. |
|
| 700 | 1 | _aEnríquez Olvera, Angélica Guadalupe. | |
| 910 |
_ardg _bjck _crdg _d20150818 |
||
| 942 |
_2ddc _cBOOK |
||
| 949 |
_a170 T1 _wDEWEY _c1 _i71440 _lCCODEBUL1 _mBUL _p13.53 _r0 _sY _tBOOK _u2015-8-11 _xFCE _PP08 _0COMPRA _o.STAFF. Colección General |
||
| 994 |
_aC0 _bPEPRU |
||
| 596 | _a1 | ||
| 999 |
_a170 T1 _wDEWEY _c6728 _i71440 _e2017-5-11 _f2021-11-4 _g6 _lCCODEBUL1 _mBUL _n1 _p13.53 _r0 _sY _tBOOK _u2015-8-11 _xBIBLIOTECA _PP08 _0COMPRA _o.STAFF. Colección General _d6728 |
||
| 980 |
_81 _gALBERTO SANCHEZ Responsable de Automatización |
||